| 000 | 00713nam a22002297a 4500 | ||
|---|---|---|---|
| 003 | UA-OsUOA | ||
| 001 | 32080 | ||
| 007 | ta | ||
| 008 | 20050121b un ||||| |||| 00| 0 ukr d | ||
| 090 |
_a141.82 _bЛ45 |
||
| 942 | _cBK | ||
| 040 |
_aUA-OsUOA _brus _cUA-OsUOA _dUA-OsUOA |
||
| 245 |
_aВ. И. Ленин и КПСС о социалистическом преобразовании сельского хозяйства _cРед. В. А.Голиков Б. А.Абрамов Ф. М.Ваганов В. И.Куликов |
||
| 300 | _a648 с. | ||
| 955 | _a0 | ||
| 041 | _arus | ||
| 080 | _a141.82 | ||
| 260 |
_aМосква _bПолитиздат _c1971 |
||
| 044 | _aRU | ||
| 650 | 7 | _2UDC | |
| 999 |
_c318517 _d318517 |
||